00601nam a2200157 a 450000100100000000500170001000800410002704000250006824501950009326000380028830000210032670000310034770000210037870000250039970000190042400004739820201002060522.0140610s2002 dr 000 0 spa d aDO-SdBNPbspacBNPHU00aII estudio :bmercado de edificaciones urbanas en República Dominicana, enero-febrero 2002 /cinvestigadores Elizabeth Pérez Pérez, Piedad Castillo, Henry Rincón Melo, Miryam Cuenca. aSanto Domingo :bFONDOVIP,c2002. a369 p. ;c28 cm.12aPérez Pérez, Elizabeth12aCastillo, Piedad12aRincón Melo, Henry12aCuenca, Miryam